[Event "SVK-ch U14"]
[Site "Tatralandia"]
[Date "2025.05.14"]
[Round "5"]
[White "Kello, Alexander"]
[Black "Lagin, Filip"]
[Result "1/2-1/2"]
[WhiteElo "1417"]
[BlackElo "1000"]
[PlyCount "71"]
[EventDate "2025.05.11"]
[EventType "swiss"]
[EventRounds "9"]
[EventCountry "SVK"]
[SourceTitle "CB21_2025"]
[SourceDate "2025.05.21"]
[SourceVersion "1"]
[SourceVersionDate "2025.05.21"]
[SourceQuality "1"]

1. e4 c5 2. d4 cxd4 3. c3 dxc3 4. Nxc3 Nc6 5. Nf3 g6 6. Bc4 Bg7 7. Bg5 d6 8. 0-0 Nf6 9. Re1 0-0 10. Qc2 Bg4 11. Rad1 a6 12. Qe2 e5 13. h3 Bxf3 14. Qxf3 b5 15. Bd5 Nd4 16. Rxd4 exd4 17. Bxa8 dxc3 18. Qxc3 b4 19. Qd4 Nh5 20. Qxg7+ Kxg7 21. Bxd8 Rxd8 22. Bd5 Re8 23. Bb3 Nf6 24. f3 d5 25. e5 Nd7 26. Kf1 Rxe5 27. Rxe5 Nxe5 28. Bxd5 Nd3 29. Bc4 Nxb2 30. Bxa6 Na4 31. Ke2 Nc3+ 32. Kd2 Nxa2 33. Bc4 b3 34. Bxb3 Nb4 35. Ke3 f5 36. g4 1/2-1/2

[Event "SVK-ch U12"]
[Site "Tatralandia"]
[Date "2024.04.12"]
[Round "9"]
[White "Kello, Alexander"]
[Black "Goralka, Roger"]
[Result "1-0"]
[WhiteElo "1453"]
[BlackElo "1000"]
[PlyCount "101"]
[EventDate "2024.04.05"]
[EventType "swiss"]
[EventRounds "9"]
[EventCountry "SVK"]
[SourceTitle "CBM 219 Extra"]
[Source "ChessBase"]
[SourceDate "2024.05.31"]
[SourceVersion "1"]
[SourceVersionDate "2024.05.31"]
[SourceQuality "1"]

1. e4 e5 2. Nf3 Nc6 3. Bc4 g6 4. d3 Bg7 5. Ng5 Nf6 6. Nxf7 Qe7 7. Nxh8 Bxh8 8. Bg5 b6 9. Nc3 Bb7 10. Nd5 Qd6 11. Nxf6+ Bxf6 12. Bxf6 Qxf6 13. Qf3 Qxf3 14. gxf3 Nd4 15. 0-0-0 Nxf3 16. Bg8 h6 17. Bh7 0-0-0 18. Bxg6 d5 19. Bf5+ Kb8 20. Bg4 Ng5 21. h4 Nf7 22. Be6 Nd6 23. Bxd5 Bc8 24. Rhg1 Bh3 25. Rg8 Kc8 26. Rxd8+ Kxd8 27. d4 Bg4 28. Rg1 Bf3 29. dxe5 Nc8 30. Rg8+ Kd7 31. Be6+ Kxe6 32. Rxc8 Kxe5 33. Rxc7 a5 34. Rc6 h5 35. Rxb6 Be2 36. Kd2 Bf1 37. Rh6 Kxe4 38. Rxh5 a4 39. Ra5 Kf3 40. h5 Kxf2 41. h6 Kf3 42. h7 Kf2 43. h8Q Kf3 44. Rxa4 Bb5 45. Qh5+ Kf2 46. Qxb5 Kf3 47. Qd3+ Kf2 48. Rf4+ Kg2 49. Qf3+ Kg1 50. Qf2+ Kh1 51. Rh4# 1-0

[Event "SVK-ch U12"]
[Site "Tatralandia"]
[Date "2024.04.05"]
[Round "1"]
[White "Kello, Alexander"]
[Black "Prochazka, Michal"]
[Result "0-1"]
[WhiteElo "1453"]
[BlackElo "1855"]
[PlyCount "88"]
[EventDate "2024.04.05"]
[EventType "swiss"]
[EventRounds "9"]
[EventCountry "SVK"]
[SourceTitle "CBM 219 Extra"]
[Source "ChessBase"]
[SourceDate "2024.05.31"]
[SourceVersion "1"]
[SourceVersionDate "2024.05.31"]
[SourceQuality "1"]

1. e4 c5 2. d4 cxd4 3. c3 Nf6 4. e5 Nd5 5. Qxd4 e6 6. Nf3 Nc6 7. Qe4 d6 8. Bc4 Nb6 9. Bb5 d5 10. Qf4 Bd7 11. 0-0 Ne7 12. Ng5 Nf5 13. g4 Bxb5 14. gxf5 Bxf1 15. fxe6 Qe7 16. exf7+ Kd8 17. Kxf1 g6 18. b3 Bg7 19. Ba3 Qd7 20. f8Q+ Bxf8 21. Bxf8 Qb5+ 22. c4 dxc4 23. bxc4 Qxc4+ 24. Qxc4 Nxc4 25. Nf7+ Ke8 26. Nxh8 Kxf8 27. Nxg6+ hxg6 28. Nc3 Nxe5 29. Re1 Nf3 30. Re3 Nxh2+ 31. Kg2 Ng4 32. Rg3 Rc8 33. Rxg4 Rxc3 34. Rxg6 Ra3 35. Rg3 Rxa2 36. Rf3+ Ke7 37. Rg3 Rb2 38. Rg7+ Kf6 39. Rg3 Rb5 40. Rf3+ Kg6 41. Rg3+ Rg5 42. f4 Rxg3+ 43. Kxg3 Kf5 44. Kf3 a5 0-1